000 00664cam a2200229 4500500
005 20260405003945.0
041 _afre
042 _adc
100 1 0 _aSands, Philippe
_eauthor
700 1 0 _aLegros, Martin
_eauthor
245 0 0 _aPhilippe Sands : que peut le droit face à la guerre ?
260 _c2025.
500 _a39
690 _aAvocat
690 _aChili
690 _aDroit
690 _aGénocide
690 _aGuerre
690 _aNazis
786 0 _nPhilosophie magazine | 193 | 10 | 2025-10-01 | p. 17-29 | 1951-1787
856 4 1 _uhttps://shs.cairn.info/magazine-philosophie-magazine-2025-10-page-17?lang=fr&redirect-ssocas=7080
999 _c2072422
_d2072422